[Event "9th LCC FIDE Open 2017"]
[Site "London"]
[Date "2017.12.05"]
[Round "5"]
[White "Sargissian, Gabriel"]
[Black "Hansen, Torbjorn Ringdal"]
[Result "1-0"]
[WhiteElo "2672"]
[BlackElo "2408"]
[Annotator "TA"]
[PlyCount "73"]
[EventDate "2017.??.??"]
[EventCountry "ENG"]
[SourceTitle "playchess.com"]
[Source "ChessBase"]
[SourceQuality "1"]

{[%evp 18,73,22,0,39,37,32,31,24,24,28,44,43,30,52,26,53,74,68,68,58,60,69,0,-21,-8,0,0,0,-41,-34,-34,-46,-54,0,0,0,0,74,67,129,138,133,130,131,139,141,141,133,138,148,136,143,163,162,176,293,290]} 1. d4 Nf6 2. Nf3 g6 3. g3 Bg7 4. Bg2 O-O 5. O-O d6 6. b3 e5 7. dxe5 dxe5 8. Ba3 Qxd1 {A49: Königsindisch (ohne c2-c4)} 9. Rxd1 Re8 10. c4 {LiveBook: 10 Partien} Nc6 {...e4 ist eine echte Drohung.Die Stellung ist ausgeglichen.} (10... e4 $5 {[%cal Re4f3]} 11. Nd4 Ng4 $11) (10... e4 11. Nd4 e3 12. f3 Na6 13. Nc3 c6 14. Rac1 h5 15. h4 Bf8 16. Bxf8 Kxf8 {½-½ (47) Vidit,S (2693)-Le,Q (2739) Tbilisi 2017}) 11. Nc3 e4 12. Ne1 {Droht stark Sb5.} e3 $146 ({Vorgänger:} 12... Bf5 13. Nc2 Ng4 14. Nd5 e3 15. Ncxe3 Nxe3 16. fxe3 {½-½ (73) Rambaldi,F (2574)-Patel,A (2448) Saint Louis 2017}) 13. f3 {zielt auf Sb5 ab.} Bf5 14. g4 Be6 $1 15. Bb2 h5 16. h3 Nd7 17. Nc2 f5 {[%cal Rf5g4]} 18. Nxe3 Bd4 {[#]} 19. Rxd4 $1 {[%mdl 512]} Nxd4 20. gxf5 ({Lieber} 20. gxh5 $14 gxh5 21. Rd1) 20... Bxf5 $11 21. Nxf5 Nxe2+ 22. Kf2 Nxc3 23. Nd4 c5 24. Bxc3 {Und weiter mit Sb5 wäre nett.} cxd4 25. Bxd4 Ne5 (25... Re7 $15) 26. Rd1 Nc6 27. Bf6 $1 Rf8 (27... Re6 $11 {hält das Gleichgewicht.} 28. Bg5 Rae8) 28. Rd6 $16 Rac8 ({Besser ist} 28... Kf7 $14) 29. f4 {Schwarz muss nun Ld5+ beachten.} Rc7 30. Be4 Kh7 {[#]} 31. Bxg6+ $1 {[%mdl 512]} Kxg6 32. Bd8+ $1 Kg7 33. Bxc7 {Und Td5 würde nun gewinnen.} Rxf4+ 34. Kg3 Rf7 35. Bd8 $1 Nxd8 36. Rxd8 a5 (36... Kg6 {ist wohl besser.} 37. Rd6+ Kf5) 37. Rd5 {Precision: Weiß = 80%, Schwarz = 47%.} 1-0

[Event "9th LCC FIDE Open 2017"]
[Site "London"]
[Date "2017.12.05"]
[Round "5"]
[White "Nabaty, Tamir"]
[Black "McDonald, Neil"]
[Result "1-0"]
[WhiteElo "2657"]
[BlackElo "2397"]
[Annotator "TA"]
[PlyCount "57"]
[EventDate "2017.??.??"]
[EventCountry "ENG"]
[SourceTitle "playchess.com"]
[Source "ChessBase"]
[SourceQuality "1"]

{[%evp 17,57,22,27,16,37,39,57,0,13,12,12,1,0,0,19,15,22,26,41,18,68,79,86,78,74,88,86,93,179,166,216,233,374,375,355,335,491,472,509,496,679,663]} 1. d4 d5 2. c4 e6 3. Nc3 Be7 4. Nf3 Nf6 5. Bf4 O-O 6. e3 b6 7. Bd3 Bb7 8. cxd5 exd5 9. O-O c5 {LiveBook: 36 Games} 10. Qe2 {D37: Queen's Gambit Declined: 5 Bf4} (10. Ne5 Na6 11. Bb5 Qc8 12. Bg5 Rd8 13. Qa4 Nb8 14. f4 c4 15. Qd1 a6 16. Ba4 b5 17. Bc2 Qc7 18. Rf3 {1-0 (34) Andreikin,D (2720)-Johannessen,L (2503) Skopje 2015}) 10... Nc6 11. dxc5 bxc5 12. Ba6 (12. Rfd1 $14) 12... Qb6 13. Bxb7 Qxb7 14. Qb5 $146 ({Predecessor:} 14. Rfd1 Rfd8 15. Rac1 Rac8 16. b3 Qb4 {1-0 (51) Kretchetov,A (2339)-Williams,J (2111) Wheeling 2012}) 14... Qxb5 15. Nxb5 a6 16. Nc3 $1 Rfd8 17. Rfd1 h6 18. Rac1 c4 19. Ne5 $36 {[%mdl 2048] White is on the roll.} Na5 20. h4 Bb4 21. g4 Rac8 22. Na4 Bd6 (22... Be7 $16) 23. Nb6 $18 Rc5 {[#]} 24. Ned7 $1 {[%cal Rd7c5]} Rb5 (24... Rc6 $142) 25. Bxd6 Nxd7 26. Bc7 ({Not} 26. Nxd5 Nf6 $18) 26... Re8 (26... Nxb6 {might work better.} 27. Bxd8 Na4 28. Bxa5 Rxa5) 27. Nxd7 {White is clearly winning.} Nc6 28. Nb6 d4 29. Nxc4 {Precision: White = 70%, Black = 23%.} 1-0

[Event "9th LCC FIDE Open 2017"]
[Site "London"]
[Date "2017.12.05"]
[Round "5"]
[White "Melkumyan, Hrant"]
[Black "Nihal Sarin"]
[Result "1-0"]
[WhiteElo "2633"]
[BlackElo "2507"]
[Annotator "TA RC"]
[PlyCount "129"]
[EventDate "2017.??.??"]
[EventCountry "ENG"]
[SourceTitle "playchess.com"]
[Source "ChessBase"]
[SourceQuality "1"]

{[%evp 21,129,-9,47,33,41,35,51,43,56,68,58,67,83,72,83,82,84,74,66,61,64,73,56,30,37,45,49,33,82,79,113,107,108,105,133,122,112,111,170,166,185,111,117,112,124,115,135,137,132,127,142,127,160,142,135,60,167,167,167,167,167,167,167,167,187,187,187,187,187,186,187,186,185,175,185,182,182,182,182,182,182,182,175,175,180,175,180,177,180,179,186,177,270,268,252,254,320,325,322,306,316,307,961,908,927,793,1100,1139,1099,1035]} 1. d4 Nf6 2. Nf3 d5 3. c4 e6 4. g3 Bb4+ 5. Bd2 Be7 6. Bg2 O-O 7. O-O Nbd7 8. Nc3 c6 9. Bf4 Nh5 10. Bc1 Nhf6 11. Nd2 {[#]} c5 {LiveBook: 3 Games. E07: Closed Catalan: Main Line (5 Nf3 0-0 6 0-0 Nbd7)} (11... b5 $1 $11 {[%mdl 512]}) (11... b6 12. e4 dxc4 13. Nxc4 Ba6 14. b3 b5 15. Ne3 b4 16. Ne2 Nb6 17. Bb2 c5 18. d5 Ne8 19. Re1 exd5 20. exd5 {1-0 (49) Wang,H (2717)-Shomoev,A (2561) Ho Chi Minh City 2016}) 12. cxd5 $14 cxd4 13. dxe6 dxc3 {White is slightly better.} 14. exd7 cxb2 15. Bxb2 Bxd7 16. Nb3 a5 17. Rc1 $146 ({But not} 17. Bxb7 $6 Rb8 $11) ({Predecessor:} 17. Qd4 Rc8 18. Rac1 b6 19. Qd3 {0-1 (42) Hayrapetyan,H (2458)-Musalov,R (2340) Yerevan 2014}) 17... Ra7 18. Nc5 Bxc5 19. Rxc5 {Black must now prevent Bxf6.} b6 20. Rc1 Be6 21. Qc2 Rd7 22. Rfd1 Rxd1+ 23. Rxd1 Qc8 24. Qd2 Qc4 25. a3 Qb3 26. Rc1 b5 27. Rc5 {Hoping for Bxf6.} Nd7 {[#]} 28. Qd4 $1 {[%csl Gb2][%cal Rd4g7][%mdl 512]} f6 29. Rc6 Bf7 (29... Rf7 $16) 30. f4 b4 {[#]} 31. axb4 ({Stronger than} 31. Qxd7 Qxb2 32. Rc7 h6 $11) ({Better is} 31. Rc7 $1 $18 bxa3 32. Rb7) 31... Qxb4 $16 32. Kf2 Re8 33. Rc7 Nf8 34. Rb7 Qxd4+ 35. Bxd4 a4 36. Ra7 Bb3 {[#]} 37. f5 $1 Rd8 38. e3 (38. Bc3 $16) 38... Rc8 (38... Nd7 $14) 39. g4 $18 h6 40. h4 Nh7 41. Kg3 Rf8 42. Bc6 Rf7 {intending ...Rxa7.} 43. Ra6 Rf8 44. Kf4 Rd8 45. Ra7 Kh8 46. Bb2 Rc8 47. Bd7 Rd8 48. Ba3 Nf8 49. Bb5 Nh7 50. Be7 Rb8 51. Bc6 Rc8 52. Bd7 Rb8 53. e4 Nf8 54. Bc6 Rc8 55. Bd5 Nh7 56. Ke3 Re8 (56... Bd1 {keeps fighting.} 57. Bb7 Rb8) 57. Kd4 Rc8 58. Bb7 Rg8 59. Kc5 Re8 60. Kd6 Nf8 61. Bd5 Nh7 $2 (61... Rc8 62. Bb7 Re8) 62. Kd7 {White is clearly winning.} Rb8 63. Bd6 Nf8+ 64. Kc7 Re8 65. Bc6 {Precision: White = 89%, Black = 58%.} 1-0

[Event "9th LCC FIDE Open 2017"]
[Site "London"]
[Date "2017.12.05"]
[Round "5"]
[White "Cornette, Matthieu"]
[Black "Bartholomew, John"]
[Result "1-0"]
[WhiteElo "2606"]
[BlackElo "2448"]
[Annotator "TA"]
[PlyCount "71"]
[EventDate "2017.??.??"]
[EventCountry "ENG"]
[SourceTitle "playchess.com"]
[Source "ChessBase"]
[SourceQuality "1"]

{[%evp 10,71,12,-15,14,17,12,11,21,10,15,22,8,3,3,-31,-18,-20,-18,-19,-20,-23,-4,-14,-4,-7,-2,-1,0,-35,0,-33,-5,-38,-33,-57,-65,-70,-62,-99,-102,-90,-47,-36,-14,-53,-58,-66,-9,-6,0,0,1941,1828,2946,2812,2812,2255,29989,29989,29989,29990,29990,29991]} 1. d4 d5 2. c4 c6 3. cxd5 cxd5 4. Bg5 (4. Nf3 Nf6 5. Nc3 Nc6 6. Bf4 Bf5 7. e3 e6 8. Qb3 Bb4 9. Ne5 Qb6 10. Nxc6 bxc6 11. Be2 Ne4 12. f3 Nxc3 13. bxc3 Be7 14. c4 Qxb3 15. axb3 Bb4+ 16. Kf2 a5 {1-0 (40) Li,C (2741)-Giri,A (2762) Palma de Mallorca 2017}) 4... Qb6 5. Nc3 Nc6 6. Qd2 {LiveBook: 3 Games. D10: Slav Defence: 3 cxd5 (without early Nf3) and 3 Nc3} h6 $146 ({Predecessor:} 6... e6 7. e3 Nge7 8. Bf4 Nf5 9. Bd3 Nh4 10. Bg3 Be7 11. f3 O-O {1-0 (50) Bruzon Batista,L (2650)-Erenburg,S (2550) Medellin 2017}) 7. Bh4 g5 8. Bg3 {The position is equal.} Nf6 9. e3 Bf5 10. Be5 Nxe5 11. dxe5 Ne4 12. Qxd5 {[#] Bb5+ is the strong threat.} Nxc3 13. bxc3 Bg7 14. Bb5+ Kf8 {And now ...Be6 would win.} 15. Nf3 Be6 16. Qd3 Rd8 17. Nd4 Bxe5 18. O-O Kg7 $36 {[%mdl 2048] Black has some pressure.} 19. Kh1 Bc8 20. Rab1 Qc7 21. Qe4 Bf6 (21... Bxh2 22. g3 $16) 22. Rb3 b6 23. Bc6 Rd6 24. Ba4 a6 {aiming for ...e5.} 25. Rbb1 e6 26. f4 Rd5 27. Qd3 Rc5 28. Rbc1 Bb7 ({Better is} 28... Rg8 $15) 29. Bb3 $1 $11 Rd8 30. Bc2 Rh8 $2 {[%mdl 8192] [#]} (30... Kf8 $11 31. fxg5 Rxg5) 31. Nxe6+ $1 $18 {[%mdl 512]} fxe6 32. Qg6+ Kf8 33. Qxf6+ Kg8 34. fxg5 {[%csl Gf1][%cal Rf6f8] White mates.} Bxg2+ 35. Kxg2 {[%csl Gf1][%cal Rf6f8]} Rxg5+ 36. Kh1 {Precision: White = 45%, Black = 49%.} 1-0

[Event "9th LCC FIDE Open 2017"]
[Site "London"]
[Date "2017.12.05"]
[Round "5"]
[White "Moussard, Jules"]
[Black "Milliet, Sophie"]
[Result "1-0"]
[WhiteElo "2576"]
[BlackElo "2392"]
[Annotator "TA"]
[PlyCount "81"]
[EventDate "2017.??.??"]
[EventCountry "ENG"]
[SourceTitle "playchess.com"]
[Source "ChessBase"]
[SourceQuality "1"]

{[%evp 23,81,-6,-18,-10,0,-13,-12,-41,-15,-35,0,-75,-45,-92,-106,-91,-95,-79,-66,-101,-105,-104,-87,-152,-181,-129,-149,-140,-61,-127,-126,-137,49,50,22,94,189,172,333,316,392,395,462,463,770,768,740,745,1260,1251,5370,5370,29982,29983,29982,29983,29983,29984,29984,29985]} 1. Nf3 c5 2. g3 Nc6 3. Bg2 g6 4. O-O Bg7 5. e4 d6 6. c3 e5 7. d3 Nge7 8. a3 O-O 9. Nbd2 h6 10. b4 a6 {A04: Holländisches System ohne Übergang in andere Systeme} (10... Be6 11. Bb2 Qd7 12. d4 exd4 13. cxd4 Bg4 14. Qb3 Nxd4 15. Nxd4 cxd4 16. Nf3 Nc6 17. b5 Na5 18. Qb4 Bxf3 19. Bxf3 b6 {½-½ (35) Demidov,M (2521)-Andreikin,D (2708) Sochi 2017}) 11. Re1 Be6 12. Bb2 b5 {LiveBook: 5 Partien. Die Stellung ist ausgeglichen.} 13. Nb3 Qb6 14. Bc1 c4 15. dxc4 bxc4 16. Nbd2 a5 {[%cal Ra5b4]} 17. Bb2 (17. Bf1 $11 {hält das Gleichgewicht.}) 17... f5 $17 18. Qe2 fxe4 (18... axb4 19. axb4 Rxa1 20. Rxa1 $11) 19. Nxe4 d5 $146 {[%mdl 2048] Schwarz bestimmt, wo es lang geht.} (19... axb4 20. Nxd6 bxa3 21. Bxa3 $16) 20. Nc5 Bf5 21. Nd2 {[#]} Bd3 $1 {[%mdl 512]} 22. Qe3 (22. Nxd3 cxd3) 22... e4 {Droht ...Sf5 und aus.} 23. Ne6 ({Günstiger ist} 23. Nxd3 Qxe3 24. fxe3 cxd3 25. Rab1) 23... Qxe3 24. Rxe3 {[#]} axb4 $1 {[%mdl 512]} 25. Nxg7 (25. axb4 Rxa1+) 25... d4 ({Auf keinen Fall} 25... Kxg7 26. cxb4+ Kf7 27. Rc1 $11) (25... bxa3 $17 26. Bxa3 Ra5) 26. cxb4 ({Lieber} 26. cxd4 $15 c3 27. Bxc3 bxc3 28. Nxe4 Bxe4 29. Bxe4 Kxg7 30. Rxc3 Nxd4 31. Rc7) 26... dxe3 ({Schlechter ist} 26... Kxg7 27. Rxd3 $1 {[%mdl 512]} exd3 28. Nxc4 $16) 27. fxe3 {[#]} Nd8 $2 (27... Nxb4 $1 $17 {[%mdl 512] zielt auf ...Sed5 ab.} 28. axb4 Rxa1+ 29. Bxa1 Ra8) 28. Nxe4 $14 Bxe4 29. Bxe4 Rc8 (29... Ra6 $16) 30. Rc1 $18 Kh7 $2 (30... Rc7 31. a4 Rd7) 31. Nh5 c3 32. Rxc3 Ndc6 33. Rc2 Ng8 (33... Rfd8 $142 34. Nf6+ Kg7 35. Ng4+ Kf7 36. Rf2+ Ke6 37. Rf6+ Kd7) 34. Rxc6 Rxc6 35. Bxc6 Rc8 36. b5 Rd8 37. Bd4 Ne7 38. Nf6+ {Weiß setzt Matt.} Kg7 39. Nd5+ Kf7 40. Nxe7 Kxe7 41. a4 {Precision: Weiß = 44%, Schwarz = 34%.} 1-0

[Event "9th LCC FIDE Open 2017"]
[Site "London"]
[Date "2017.12.05"]
[Round "5"]
[White "Le Roux, Jean-Pierre"]
[Black "Sai Agni Jeevitesh, J."]
[Result "1-0"]
[WhiteElo "2560"]
[BlackElo "2384"]
[Annotator "TA"]
[PlyCount "69"]
[EventDate "2017.??.??"]
[EventCountry "ENG"]
[SourceTitle "playchess.com"]
[Source "ChessBase"]
[SourceQuality "1"]

{[%evp 21,69,3,0,0,22,-16,0,-30,-3,-8,0,0,0,0,12,0,40,41,286,264,285,273,250,257,271,258,270,262,318,310,1022,1037,1029,1028,972,939,854,664,905,681,29985,29986,29986,29987,29989,29990,29990,29984,6275,1313]} 1. e4 {[%cal Be2e4,Be4e5][%mdl 32]} e6 2. d4 d5 3. Nd2 Nf6 4. e5 Nfd7 5. f4 c5 6. Ngf3 Nc6 7. Nb3 {C05: French Tarrasch: 3...Nf6 4 e5 Nfd7, 5 f4 and 5 Bd3 sidelines} c4 8. Nbd2 {[%cal Bb3d2,Bd2f1,Bf1e3][%mdl 32]} f5 (8... Qa5 9. c3 b5 10. Be2 b4 11. Nb1 Nb6 12. O-O Bd7 13. Kh1 Be7 14. Bd2 Rb8 15. cxb4 Nxb4 {1-0 (37) Mamedov,R (2659)-Wang,H (2729) Dubai 2014}) 9. Be2 Be7 10. Nf1 b5 11. Ne3 Nb6 {LiveBook: 7 Games} 12. O-O O-O 13. Kh1 $146 ({Predecessor:} 13. g4 fxg4 14. Ne1 Bh4 {1-0 (48) Zhang,P (2596)-Barua,D (2545) Jodhpur 2003}) 13... Bd7 14. Rg1 Be8 15. Bd2 Kh8 16. Qf1 Bh5 {next ...Bxf3 is good for Black.} 17. c3 b4 18. Bd1 a5 19. Ng5 Bxd1 $2 ({Black should try} 19... Bxg5 $14 20. Bxh5 Be7) 20. Nxe6 $18 Qc8 21. Nxf8 Bh5 22. Nxh7 Kxh7 {[#]} 23. g4 $1 fxg4 24. f5 Bg5 25. Nxg4 Bxg4 $2 (25... Bxd2 26. Qh3 Qe8) 26. Rxg4 Bxd2 27. Qh3+ Bh6 28. Rag1 {[#] White threatens Rxg7+ and mate.} Ra7 29. Rg6 bxc3 30. bxc3 Rc7 31. Qh5 Qf8 32. f6 Nc8 33. fxg7 Qxg7 34. Rxg7+ Rxg7 35. Rxg7+ {Precision: White = 68%, Black = 20%.} (35. Qf5+ $142 Kh8 36. Qxc8+ Kh7 37. Rxg7+ Kxg7 38. Qxc6) 1-0

[Event "9th LCC FIDE Open 2017"]
[Site "London"]
[Date "2017.12.05"]
[Round "5"]
[White "Kotronias, Vasilios"]
[Black "Krishna Teja, N."]
[Result "1-0"]
[WhiteElo "2524"]
[BlackElo "2368"]
[Annotator "TA"]
[PlyCount "91"]
[EventDate "2017.??.??"]
[EventCountry "ENG"]
[SourceTitle "playchess.com"]
[Source "ChessBase"]
[SourceQuality "1"]

{[%evp 17,91,34,35,31,62,15,55,71,54,51,85,84,87,72,88,65,103,69,85,38,44,39,70,46,46,49,67,62,78,38,67,65,60,59,70,56,43,0,81,63,79,84,83,88,153,158,161,181,144,52,43,50,115,95,664,645,604,598,661,640,672,672,660,647,589,606,572,497,1049,1064,759,731,714,713,1891,1108]} 1. e4 e6 2. d4 d5 3. Nd2 dxe4 4. Nxe4 Bd7 5. Nf3 Bc6 6. Ned2 Nf6 7. Bd3 Be7 8. O-O Nbd7 9. c3 {[%cal Bc2c3,Bc3c4][%mdl 32]} O-O {LiveBook: 26 Games} 10. b4 {C10: French with 3 Nc3: Unusual Black 3rd moves and 3...dxe4} (10. Qe2 b6 11. Nc4 Bb7 12. Rd1 Qc8 13. Bg5 h6 14. Bh4 c5 15. Nce5 Nxe5 16. dxe5 Nd5 17. Qe4 f5 {½-½ (27) Braeuer,F (2406)-Kunin,V (2595) Fuerth 2016}) 10... a6 11. Qc2 $146 ({Predecessor:} 11. Re1 Nd5 12. Qc2 N7f6 13. a3 Nf4 14. Bf1 Ng6 15. h3 b6 16. Ne5 Bb7 17. Ndf3 c5 18. dxc5 bxc5 {1-0 (66) Strathoff,J (2031)-Schulze,H (1939) Germany 2008}) 11... Bb5 12. c4 {White is slightly better.} Bc6 13. Rb1 Bxf3 14. Nxf3 c6 15. a4 Re8 16. Bf4 Nf8 17. h3 Ng6 18. Bh2 Bd6 19. Ne5 Bxe5 20. dxe5 Nd7 21. Rfd1 Qe7 22. Qe2 Red8 23. Qe3 a5 24. Bxg6 hxg6 25. bxa5 Nc5 26. Rd6 Rxa5 27. Rbd1 Rc8 (27... Rxd6 $11 28. exd6 Qd7) 28. Bf4 $16 {[%cal Bh2f4,Bf4g5,Bg5h4,Bh4g3][%mdl 32]} b6 $1 29. Bg5 $36 {[%mdl 2048] White has strong initiative.} f6 30. Bh4 g5 (30... Rxa4 $142 31. exf6 gxf6) 31. exf6 gxf6 32. Bg3 Rxa4 33. R6d4 (33. h4 $16) 33... e5 $14 34. h4 {[%cal Bh3h4,Bh4g5][%mdl 32]} Qf8 ({Black should try} 34... Ra3 $14 35. Qxa3 exd4) 35. Rd6 Raa8 $2 {[%mdl 8192]} (35... Rxc4 $2 36. hxg5 Ne4 37. Rd7 $18) (35... Ra1 $16) 36. hxg5 $18 {White is clearly winning.} Rd8 {[#]} 37. gxf6 $3 {[%mdl 512] Qg5+ would kill now.} Rxd6 38. Qg5+ Kh7 {[#]} 39. Rxd6 $1 {Intending Qf5+ and mate.} ({Not} 39. Qh5+ Qh6 $18) 39... Qh6 {( -> ...Ra1+)} 40. Qxh6+ Kxh6 41. Bxe5 {KRB-KRN} Kg6 42. Rxc6 Ra4 (42... Nd3 $142 43. Bc3 Ra3) 43. Rc7 Ne6 44. f7 Ra8 45. Re7 Kf5 46. Re8 {Precision: White = 54%, Black = 27%.} 1-0

[Event "9th LCC FIDE Open 2017"]
[Site "London"]
[Date "2017.12.05"]
[Round "5"]
[White "Fodor, Tamas Jr"]
[Black "Elsness, Frode"]
[Result "1/2-1/2"]
[WhiteElo "2496"]
[BlackElo "2477"]
[Annotator "TA"]
[PlyCount "136"]
[EventDate "2017.??.??"]
[EventCountry "ENG"]
[SourceTitle "playchess.com"]
[Source "ChessBase"]
[SourceQuality "1"]

{[%evp 27,136,11,10,2,8,9,8,6,7,-4,-1,-35,-42,-36,-23,-22,-16,-28,-25,-31,-23,-29,-22,-27,-16,-20,0,0,0,-47,-22,-43,-29,-78,-67,-79,0,-25,-14,-52,-29,-29,-21,-17,-11,-71,-67,-75,-56,-82,-70,-66,-24,-33,-26,-29,-31,-25,-8,-32,-29,-40,-29,-33,-18,-19,-22,-29,-19,-22,-2,-6,0,0,0,0,0,0,0,0,0,0,0,-7,0,0,0,0,0,0,0,0,8,8,8,8,28,8,11,11,11,0,0,0,0,0,0,0,0,0,0]} 1. d4 Nf6 2. c4 e6 3. Nc3 Bb4 4. Qc2 d5 5. cxd5 Qxd5 6. e3 c5 7. Bd2 Bxc3 8. Bxc3 cxd4 9. Bxd4 Nc6 10. Bc3 O-O {E34: Nimzo-Indian: Classical: 4...d5} 11. Nf3 Rd8 12. Be2 Qe4 13. Rc1 Qxc2 14. Rxc2 Nd5 {LiveBook: 7 Games} 15. a3 (15. Ne5 Nxe5 16. Bxe5 b6 17. a3 f6 18. Bg3 {1-0 (52) Grachev,B (2645)-Karjakin,S (2765) Antalya 2017}) 15... Nxc3 16. Rxc3 {[#]} e5 $146 ({Predecessor:} 16... Bd7 17. O-O Rac8 18. Rd1 Be8 19. Rxd8 Rxd8 20. Kf1 Kf8 21. Ke1 {½-½ (21) Panarin,M (2532)-Lysyj,I (2615) Dagomys 2010}) 17. Bb5 Bd7 18. O-O Nd4 {[#] Strongly threatening ...Nxf3+.} 19. exd4 (19. Bc4 $5 {[%cal Re3d4]} Nxf3+ 20. gxf3 $15) 19... Bxb5 20. Rd1 e4 21. Ne1 Kf8 22. f3 Bc6 23. fxe4 Bxe4 24. Nf3 f6 25. Rc7 Rac8 26. Rdc1 Bc6 (26... Rxc7 {is more complex.} 27. Rxc7 Re8 28. Kf2 Bc6 29. Ng1 Re7) 27. Rxc8 Rxc8 $11 {[%mdl 4096] Endgame KRB-KRN} 28. Kf2 (28. d5 $5 Bd7 29. Rxc8+ Bxc8 30. Kf2 $11) 28... Re8 29. b3 Re6 30. Nd2 Rd6 31. Nf3 Re6 ({Black should try} 31... Ke7 $17) 32. Nd2 g5 33. Nc4 Re4 34. Rd1 $1 Rf4+ 35. Kg1 $1 Ke7 36. a4 (36. d5 $11 {remains equal.} Bb5 37. Re1+ Kd7 38. Rf1) 36... Bd5 $17 37. Rd3 h5 38. Ne3 Kd6 39. Rc3 Bf7 40. g3 Re4 41. Kf2 Kd7 42. Rd3 Bg6 43. Rd2 (43. Nd5 $5 {[%cal Rd5f6]} Ke6 44. Nc7+ Ke7 45. Nd5+ Kf7 46. b4 $11) 43... Re8 44. Nc4 Bf7 45. d5 b6 46. Rd3 Re4 47. Ne3 Re5 48. Rd4 Re8 49. Rb4 Re5 50. a5 Bxd5 51. axb6 axb6 52. Rxb6 Bc6 53. Rb4 Ra5 54. Rd4+ Ke7 55. Rd2 f5 56. b4 Rb5 57. Rd4 Be4 58. Nd1 Rd5 59. Ke3 Rxd4 60. Kxd4 $11 {KB-KN} Kd6 61. Ne3 Bb1 62. b5 f4 {The position is equal.} 63. gxf4 gxf4 64. Nc4+ Kc7 65. Nd2 Bc2 66. Ke5 Bd3 67. Kxf4 Bxb5 68. Kg5 Be2 {Precision: White = 50%, Black = 41%.} 1/2-1/2

[Event "9th LCC FIDE Open 2017"]
[Site "London"]
[Date "2017.12.05"]
[Round "5"]
[White "Gormally, Daniel W"]
[Black "Vo, Thi Kim Phung"]
[Result "0-1"]
[WhiteElo "2477"]
[BlackElo "2380"]
[Annotator "TA"]
[PlyCount "142"]
[EventDate "2017.??.??"]
[EventCountry "ENG"]
[SourceTitle "playchess.com"]
[Source "ChessBase"]
[SourceQuality "1"]

{[%evp 30,142,0,0,0,0,0,0,0,0,0,0,0,0,0,0,0,-43,-27,-26,-26,-27,0,0,0,2,8,0,24,24,157,155,181,164,179,72,70,0,0,-43,-39,-158,0,-7,0,-33,0,-14,-12,-26,0,-103,-100,-97,-116,-154,-143,-187,-140,-224,-214,-216,-23,-89,-4,-12,52,57,61,0,0,0,0,0,0,0,0,0,0,-571,305,-560,-571,-571,-564,-547,-547,-516,-519,-12841,-12841,-12841,-12842,-29994,-29995,-29995,-1146,-1113,-1102,-1054,-490,-470,-435,-427,-404,-376,-348,-1044,-1012,-1361,-1168,-1148,-569,-1310,-955]} 1. e4 e6 2. d4 d5 3. Nd2 Nf6 4. e5 Nfd7 5. Ngf3 c5 6. c3 Nc6 7. Bd3 Qb6 8. O-O cxd4 9. cxd4 Nxd4 10. Nxd4 Qxd4 11. Nf3 Qb6 12. Qa4 Qb4 13. Qc2 Nc5 14. Bd2 Qa4 15. b3 {C06: French Tarrasch: 3...Nf6 4 e5 Nfd7 5 Bd3 main lines} Qd7 16. Be2 {LiveBook: 9 Games} (16. Rac1 b6 17. Nd4 Ba6 18. Bxa6 Nxa6 19. Qd3 Nc5 20. Qe2 a5 21. Be3 Be7 22. Qg4 g6 {1-0 (75) Mamedov,R (2660)-Wang,H (2734) Shamkir 2014}) 16... Be7 17. Be3 {The position is equal.} Na6 18. a3 Nb8 $146 ({Predecessor:} 18... h6 19. b4 O-O 20. Rac1 Nb8 21. Qd2 Qd8 22. Rc3 f5 {1-0 (49) Fernandez,C-Garcia,G Cienfuegos 1975}) 19. Nd4 O-O 20. Bd3 h6 21. Rfc1 Qd8 22. f4 Bd7 23. Qc7 Bc6 24. Qxd8 Bxd8 25. b4 Bd7 26. b5 Bb6 27. Kf2 f6 28. exf6 gxf6 29. f5 e5 (29... Bxd4 $11 {remains equal.} 30. Bxd4 e5) 30. Ne6 $16 e4 31. Nxf8 Kxf8 32. Bxb6 (32. Bb1 $1 $18) 32... axb6 33. Be2 (33. Bb1 $1 $14) 33... Bxf5 $11 34. Ke3 {Threatens to win with Rf1.} Nd7 35. Kd4 (35. Kf4 $15 Be6 36. Rc7) 35... Be6 $2 (35... Ra4+ $1 $17 36. Ke3 Nc5) 36. a4 $1 Ke7 37. Rc7 Ra7 (37... Kd8 $5 {[%cal Rd8c7]} 38. Rc3 Ke7 $11) 38. Bd1 Kd6 39. Rc8 $1 Nc5 $1 40. Rh8 (40. Rf8 $11) 40... Bd7 $1 $17 41. Rxh6 Ne6+ 42. Kc3 Ke5 {[%mdl 1024] Black has strong compensation.} 43. g4 d4+ 44. Kb4 (44. Kb2 $17) 44... Nf4 $1 $19 45. Rh8 Nd5+ $2 ({Black should try} 45... Nd3+ $19 46. Ka3 Nc5 47. Rh5+ Kf4) 46. Kb3 $11 {[#]} d3 (46... Bxb5 $1 $17 {[%mdl 512]} 47. Kb2 (47. axb5 Rxa1) 47... Bd7) 47. h4 $1 {[%cal Rh4h5] [#] Strongly threatening h5.} Ne3 (47... Bxb5 $1 $11 {[%mdl 512]} 48. Kb2 (48. axb5 Rxa1) 48... e3) 48. h5 $1 $14 {[%cal Rh5h6]} Be6+ $1 (48... Bxg4 $2 49. Bxg4 Nxg4 50. h6 $18) 49. Kb4 (49. Ka3 $1 $14) 49... Nd5+ $1 $11 ({Wrong is} 49... Bxg4 $2 50. Bb3 $18) 50. Ka3 e3 $36 {[%mdl 2048] Hoping for ...e2. Black is pushing.} 51. h6 e2 {[#]} 52. Bxe2 $1 {[%mdl 512]} dxe2 53. Re1 $1 {[%cal Re1e2]} Nc3 54. Rd8 $2 {[%mdl 8192]} (54. Re8 $11 {and White has nothing to worry.} Rxa4+ 55. Kb2) 54... Rxa4+ $19 55. Kb2 Ne4 $1 {And now ...Ra2+ would win.} 56. h7 Ra2+ 57. Kb1 {[#]} Nc3+ $1 58. Kc1 {[#]} Ra1+ $1 59. Kc2 (59. Kd2 $142 Rd1+ 60. Kxc3 Rxd8 61. Rxe2+ Kd6 62. Rd2+ Bd5 63. Rf2) 59... Rxe1 60. h8=Q {[#]} Rc1+ $1 {[%mdl 512]} 61. Kxc1 e1=Q+ 62. Kc2 Nd5 (62... Qb1+ $142 63. Kd2 Ne4+ 64. Ke2 Bxg4+ 65. Ke3 Qe1+ 66. Kd3 Qe2#) 63. Qh2+ Kd4 64. Qf4+ Qe4+ (64... Kc5 $142 65. Qc1 Qb4 66. Qg1+ Kxb5) 65. Qxe4+ Kxe4 66. Re8 Ke5 67. Kd3 Nc7 68. Rb8 $2 (68. Re7 Kd6 69. Rg7) 68... Bxg4 {Black is clearly winning.} 69. Rxb7 Nd5 70. Rb8 Bf5+ 71. Ke2 Bd7 {Precision: White = 57%, Black = 56%.} 0-1